Sports Quiz

Random Sports Quiz

San Francisco Giants steals leaders Quiz Stats

Quiz not verified by Sporcle

Challenge
Share
Tweet
Embed
Score 0/15 Timer 03:00
0 Plays Today
Years Answer % Correct
1951-1952, 1954-1972Willie Mays
100%
1993-2007Barry Bonds
96%
1968-1974Bobby Bonds
96%
1919-1926Frankie Frisch
38%
1907-1916Fred Merkle
32%
1917-1926Ross Youngs
32%
1911-1920George Burns
28%
1907-1916, 1918-1920Larry Doyle
28%
Years Answer % Correct
1908-1915Fred Snodgrass
22%
1894-1903George Van Haltren
16%
1909-1915, 1917Red Murray
12%
1903-1906Sam Mertes
12%
1909-1920Art Fletcher
12%
1904-1911Art Devlin
10%
1902-1907Dan McGann
10%

You're not logged in!

Compare scores with friends on all Sporcle quizzes.
Sign Up with Email
OR
Log In

You Might Also Like...

Show Comments

Extras

Top Quizzes Today


Score Distribution

Your Account Isn't Verified!

In order to create a playlist on Sporcle, you need to verify the email address you used during registration. Go to your Sporcle Settings to finish the process.